000 00504nam a22001577a 4500
999 _c189455
_d189455
005 20220701143648.0
010 _aSanjna Dewal
020 _a8181030435
_c300.00
037 _bSeema Publishing House
100 _aSHARMA S. C.
245 _aGreat Freedom Fighter:
_bRamprashad Bismil /
_cS. C. Sharma
260 _aDelhi
_bSeema Publishing House
_c2021
270 _a30/21-A, Ground Floor, Gali no. 9 Vishwas Nagar, Shahdra
_bDelhi
_e110032
300 _a121p.
_billu.
_c22c.m(Hb)
942 _2ddc
_cEN
_mSHA